Le combustible en sucrerie: etude sur les moyens d'en reduire la consommation

Bibliographic Details
Main Author: Cambier Th.
Summary:В описании используется грамматика 19 века
Language:French
Published: Paris, E. Bernard et C-ie, Editeurs, 1892
Subjects:
Format: MixedMaterials Book
KOHA link:https://koha.lib.tpu.ru/cgi-bin/koha/opac-detail.pl?biblionumber=361953

MARC

LEADER 00000nam0a2200000 4500
001 361953
005 20240625105847.0
035 |a (RuTPU)RU\TPU\retro\19299 
090 |a 361953 
100 |a 20210708d1892 m y0frey50 ba 
101 0 |a fre 
102 |a FR 
105 |a a z 000zy 
181 0 |b  e  
182 0 |a n 
183 0 |a nc  |2 RDAcarrier 
200 1 |a Le combustible en sucrerie  |e etude sur les moyens d'en reduire la consommation  |f Th. Cambier 
210 |a Paris  |c E. Bernard et C-ie, Editeurs  |d 1892 
215 |a 94 p.  |c il. 
283 |a volume 
300 |a В описании используется грамматика 19 века 
317 |5 63413507: 13676  |a Поступил в НТБ в 1914 г. в дар от первого директора ТТИ профессора Е. Л. Зубашева 
541 1 |a Топливо на сахарных заводах  |z rus 
606 1 |a Сахарные заводы  |x Оборудование  |2 stltpush  |3 (RuTPU)RU\TPU\subj\33666  |9 55837 
610 1 |a Коллекция Е. Л. Зубашева 
610 1 |a дары библиотеке 
610 1 |a топливо 
610 1 |a потребление 
610 1 |a снижение 
610 1 |a способы 
610 1 |a французский язык 
675 |a 664  |v 4 
700 1 |a Cambier  |b Th. 
801 1 |a RU  |b 63413507  |c 20210708 
801 2 |a RU  |b 63413507  |c 20210708  |g RCR 
942 |c BK